LEADER 01361nam0-2200445li-450 001 990000168550203316 005 20180312154610.0 010 $a88-7005-881-6 035 $a0016855 035 $aUSA010016855 035 $a(ALEPH)000016855USA01 035 $a0016855 100 $a19901115d1990----km-y0itay50------ba20001109d1990----km-y0itay0103----ba 101 0 $aita 102 $aIT 105 $a||||||||001yy 200 1 $aPrincipi generali di progettazione degli impianti industriali$fFrancesco Turco 210 $aMilano$cCLUP$d1990 215 $a225 p.$cill.$d25 cm. 410 0$12001 454 1$12001 461 1$1001-------$12001 606 0 $aImpianti industriali$xProgettazione 676 $a658.23 700 1$aTURCO,$bFrancesco$0333333 801 $aSistema bibliotecario di Ateneo dell' Università di Salerno$bsalbc$gRICA 912 $a990000168550203316 951 $a658.23 TUR (A)$b0000591 951 $aII/68$b713$cII 959 $aBK 969 $aDIMEC 969 $aTEC 979 $c19901115 979 $c20001110$lUSA01$h1712 979 $c20020403$lUSA01$h1624 979 $aPATRY$b90$c20040406$lUSA01$h1612 979 $aDIMEC$b90$c20070119$lUSA01$h1503 979 $aDIMEC$b90$c20070122$lUSA01$h1521 996 $aPrincipi generali di progettazione degli impianti industriali$9104260 997 $aUNISA LEADER 01336nam0 22003373i 450 001 CFI0322422 005 20231121125451.0 010 $a888183376X 100 $a20130423d1996 ||||0itac50 ba 101 | $aita$cita 102 $ait 181 1$6z01$ai $bxxxe 182 1$6z01$an 200 1 $aBibbia napoletana$ei colori, le immagini, le voci di un popolo universalmente noto per la sua inesauribile fantasia ...$fCarlo Bernari$gprefazione di Antonio Ghirelli 210 $aRoma$cNewton & Compton$d1996 215 $a215 p., \32! c. di tav.$cill.$d23 cm. 225 | $aQuest'Italia$v232 410 0$1001CFI0008010$12001 $aQuest'Italia$v232 500 10$aBibbia napoletana$3CSA0174421$9209127 606 $aNAPOLI$xVITA SOCIALE$xANEDDOTI$2FIR$3MILC135717$9I 676 $a858.914$9SCRITTI MISCELLANEI ITALIANI. 1945-$v20 700 1$aBernari$b, Carlo$3CFIV021871$4070$038384 790 1$aBernard$b, Carlo$3CFIV188897$zBernari, Carlo 801 3$aIT$bIT-01$c20130423 850 $aIT-FR0017 899 $aBiblioteca umanistica Giorgio Aprea$bFR0017 912 $aCFI0322422 950 0$aBiblioteca umanistica Giorgio Aprea$d 52DES 858 Ber.Bib.$e 52SBA0000163135 VMB RS $fA $h20130724$i20130724 977 $a 52 996 $aBibbia napoletana$9209127 997 $aUNICAS